| 000 | | | 04617cac2a2200301#x 450 |
| 001 | | | 07b4bf74-b93f-4845-ad87-23bae202854e |
| 005 | | | 20180727095530.0 |
| 100 | ## | $a | 20150409l1918 k y0rusy50 ca |
| 101 | 0# | $a | rus |
| 102 | ## | $a | RU |
| 105 | ## | $a | y z ||||| |
| 122 | 0# | $a | d19180919 |
| 122 | 0# | $a | d1918 |
| 200 | 1# | $a | Положение о производстве Всероссийской промышленной и профессиональной переписей 1918 года |
| | $j | 19 августа 1918 |
| 215 | ## | $a | 8 листов |
| 251 | ## | $c | Дело |
| 300 | ## | $a | Листы 1-5 - блеклые |
| 300 | ## | $a | Документы машинописные |
| 325 | ## | $a | Микрофотокопия |
| 330 | ## | $a | Входит в раздел описи: II. Канцелярия. А. Переписка с Наркоматами и другими учреждениями. 29. Центральное Статистическое Управление |
| 461 | #0 | $1 | 001ad6baeac-e292-4829-90d1-2f4f65796a62 |
| | $1 | 2001 |
| | $a | СОВЕТ НАРОДНЫХ КОМИССАРОВ РСФСР (СНК РСФСР) |
| | $1 | 251 |
| | $c | Фонд |
| | $1 | 852 |
| | $g | Р |
| | $j | 130 |
| 462 | #0 | $1 | 0017a221a17-99d6-4232-84bc-2738cda87272 |
| | $1 | 2001 |
| | $a | 1913-1919 гг. |
| | $v | Д. 334 |
| | $1 | 251 |
| | $c | Опись |
| | $1 | 852 |
| | $j | 2 |
| 801 | #0 | $a | RU |
| | $b | GA_RF |
| 801 | #1 | $a | RU |
| | $b | НПО Опыт |
| | $c | 20150409 |
| | $2 | rusmarc |
| 801 | #2 | $a | RU |
| | $b | ПБ им. Б.Н. Ельцина |
| | $c | 20150906 |
| | $g | RCR |
| | $2 | rusmarc |
| 852 | ## | $a | ГА РФ |
| | $j | 334 |
| 937 | ## | $d | 53273815 |
| | $h | ПБ |
| 035 | ## | $a | RuPRLIB51030544 |
| 605 | ## | $2 | acquisition_Prlib |
| | $3 | DITM\AF\0000002775 |
| | $a | Власть |
| | $l | коллекция |
| 605 | ## | $a | 1918: становление советской государственности |
| | $l | коллекция |
| | $2 | acquisition_Prlib |
| | $3 | LIBNET\UAF\0000071015 |
| 606 | 1# | $2 | prlib_sh |
| | $3 | LIBNET\UAF\0000065746 |
| | $a | Промышленность |
| | $j | Документы и материалы |
| | $y | Россия |
| | $z | 1917-1922 |
| 686 | ## | $2 | rubbk |
| | $a | 63.3(2)61-2ю1 |
| | $v | LBC/M |
| 686 | ## | $a | 65.03(2)61ю1 |
| | $v | LBC/M |
| | $2 | rubbk |